1282 1372 1482 1909 1110 1038 1619 1883 1636 1955 1585 1571 1026 1018 1998 1592 1260 1470 1929 1473 1893 1460 1430 1342 1973 1253 1196 1595 1835 1465 1486 1112 1021 1488 1961 1990 1472 1365 1794 1969 1004 1323 1046 1423 1531 1713 1947 1763 1407 1919 1212 1221 1358 1587 1294 1918 1778 1499 1158 1705 1812 1707 1243 1726 1721 1017 1552 1618 1826 1062 1760 1418 1220 1362 1841 1067 1485 1410 1243 1378 1781 1898 1636 1243 1720 1582 1285 1017 1918 1884 1446 1410 1724 1659 1956 1932 1434 1068 1344 BCNSPRNW ULIB Ver.6.0+V

เปลี่ยนเป็นภาษาไทย

Change to English
 แสดงรายละเอียดบรรณานุกรม
  กลับหน้าหลัก

Brief Record : Get Marc (ISO 2709) : E-mail record : QR code < ปิดหน้าต่าง
LEADER : 00000nam 2200000uu 4500
001    13399114849
003     ULIB
008    020711s|||| th a 000 0 tha d
100    ^aคณะทำงานโครงการวิจัยผู้สูงอายุ
110    ^aกระทรวงสาธารณะสุข.^bกรมสุขภาพจิต^bดรงพยาบาลจิตเวชนครสวรรค์.
245    ^aการศึกษาอัตราความชุกของภาวะสมองเสื่ม ภาวะซึมเศร้า และปัจจัยที่มีผลต่อภาวะสมองเสื่ม ภาวะซึมเศร้า ของผู้สูงอายุในจังหวัดนครสวรรค์/^cคณะทำงานโครงการวิจัยผู้สูงอายุ
260    ^aนครสวรรค์ :^bดรงพยาบาลจิตเวชนครสวรรค์,^cม.ป.ป.
945    ^p0^l0^i020412
999    ^aวรรณษา ชูชัยมงคล
รายการนี้ยังไม่มีแท็ก
คุณยังไม่ได้ล็อกอิน คุณสามารถมีกิจกรรมร่วมกับเว็บไซต์ได้ แต่ต้องล็อกอินก่อน ::
  ล็อกอิน

รายการสื่อสารสนเทศ

ลำดับที่ ประเภท เลขเรียก/บาร์โค้ด สถานที่ สถานะ
1. งานวิจัย
งานวิจัย
 ฉ.1 
  Barcode: 020412
ห้องสมุดวิทยาเขตสวรรค์ประชารักษ์
►วิจัย
บนชั้น

BibComment


ยังไม่เคยถูกคอมเมนท์

คอมเมนท์ทรัพยากรรายการนี้
  คอมเมนท์: การศึกษาอัตราควา..


 Copyright 2026. Bcnsprnw @Library